Statistics for Are you any good at astronomy?

Click here to take the quiz!

General Stats

  • This quiz has been taken 529 times
  • The average score is 4 of 15

Answer Stats

Question% Correct
Largest planet in Solar Systemjupiter
98%
Can you see a black hole using a telescope?no
70%
Which moon of Mars is biggest?phobos
64%
What is the name of the largest asteroid in the Solar System?Ceres
42%
What is the point in the centre of a black hole called?Singularity
19%
For how long (yrs) is Neptune the farthest planet from the Sun?20
17%
What is the universe mainly composed of (approx 71.4%)?Dark Energy
16%
What is the largest known star?UY Scuti
16%
To the nearest hundred million years (eg. 7.8 billion yrs) how old is the Solar System?4.6
15%
What is the furthest object that can be seen with the naked eye?Andromeda Galaxy
8%
What is the name of the supermassive black hole that thought to be located at the Milky Way called?Saggitarius A*
3%
What will happen at 10^100 AD?Death of Universe
2%
What is the smallest planet known so far?Kepler-37b
2%
In theory, can a human survive entry into a black hole?No/Maybe
2%
What will happen in 100'000 AD?VY Canis Majoris explodes
1%

Score Distribution

Percentile by Number Answered

Percent of People with Each Score

Your Score History

You have not taken this quiz